000 00435nam a22001817a 4500
005 20180710100840.0
008 160512b xxu||||| |||| 00| 0 eng d
020 _a81-203-2048-4
041 _aeng
082 _b1586
_a658.15
100 _aHorne, James C.VAN.
_94492
245 _aFinancial Management and Policy.
250 _a12th ed.
260 _aNew Delhi
_bPHI,
300 _a814p,
650 _aManagement
_9241
942 _cBK
999 _c634
_d634